000 01099nam a22001697a 4500
003 OSt
005 20251206134934.0
008 251206b |||||||| |||| 00| 0 eng d
040 _cDCL
082 _a၂၉၄.၃၄၃၅၀၉
245 0 0 _aမဟာမုနိရုပ်ရှင်တော်မြတ်ကြီး ကိန်းဝပ်စံပယ်တော်မူရာ ဂန္ဓကုဋိပြသာဒ် ရွှေကျောင်းတော်ကြီးအား ရွှေသားထီးတော်မြတ် တင်လှူပူဇော်ခြင်း။
264 _aရန်ကုန် ၊
_bချိုတေးသံစာပေ၊
_c[၂၀၀၂]။
300 _a၂၁၄ စာမျက်နှာ ၊
_bဓာတ်ပုံများ ၊
_c၃၀ စင်တီ။
650 _aဂန္ဓကုဋိပြသာဒ် ရွှေကျောင်းတော်ကြီး
650 _aမဟာမုနိရုပ်ရှင်တော်မြတ်ကြီး
942 _2ddc
_cSHORT TERM
_n0
999 _c2662
_d2662